000
00310nam a2200133Ia 4500
005
20251222143107.0
008
251222s9999||||xx |||||||||||||| ||spa||
020
_a
84-206-7229-7
082
_a
848.9/C24M
100
_a
Camus, Albert
245
0
_a
El Malentendido
264
_b
Alianza Editorial
942
_c
LIB
999
_c
11014
_d
11014